000 01628nam0a22003011 4500
001 rc\3740497
005 20250610113148.0
021 _aRU
_b[71-62782]
035 _a(NLR Aleph) 007879605
090 _a7909601
_c7909601
100 _a20130115d1971 |||y0rusy50 ca
101 0 _arus
102 _aRU
105 _aa z |||||
200 1 _aСабсай, народный художник Азербайджанской ССР, действительный член Академии художеств СССР, лауреат Государственной премии
_e[Альбом репродукций
_fАвт. текста Л. Бретаницкий
210 _aМосква
_cСов. художник
_d1971]
215 _a16, [117] с.
_cил.
_d26
300 _aВ вып. дан. авт.: Петр Владимирович Сабсай
532 1 2 _aСабсай, народный художник Азербайджанской Советской Социалистической Республики, действительный член Академии художеств СССР, лауреат Государственной премии
606 _aАзербайджанская советская скульптура
_jАльбомы
_2psbo
700 1 _6z01790
_aСабсай
_bП.В.
_f1893-
_gПинхос Владимирович
702 1 _aБретаницкий
_bЛ.
_4570
790 1 _6z01700
_aСабсай
_bП.В.
_f1893-
_gПетр Владимирович
801 0 _aRU
_bNLR
_gpsbo
801 1 _aRU
_bELAR
_2rusmarc
852 _aNLR
_jЭ АлИс440/2-С124
942 _cBOOK
980 _aNB